000 00573nam a2200169 i 4500
001 108951
003 ES-MaACL
005 20230908184130.0
007 t|
008 061121s1929 sp r ||||1| spa d
245 0 3 _aEl movimiento sindical en la Rusia soviética
_b: (estudios y documentos) /
_ctraducción de Constancio Bernaldo de Quirós.
260 _aMadrid :
_bM. Aguilar,
_c1929 (
_fImp. Yagües)
300 _a453 p. ;
_c19 cm.
700 1 _aBernaldo de Quirós, Constancio,
_d1873-1959
_928215
852 _aES-MaACL
_jA-1704
999 _c108951
_d108951